Reference Manual of Forgeries vol 2 - Bremen - Helgoland (Record no. 1849)

000 -LEADER
fixed length control field 00346nam a22000977a 4500
008 - FIXED-LENGTH DATA ELEMENTS--GENERAL INFORMATION
fixed length control field 160321b xxu||||| |||| 00| 0 eng d
100 ## - MAIN ENTRY--AUTHOR'S NAME
Author's Name Bohne, Werner
245 ## - TITLE STATEMENT
Title Reference Manual of Forgeries vol 2 - Bremen - Helgoland
Remainder of title Germany Philatelic Society
260 ## - PUBLICATION, DISTRIBUTION, ETC. (IMPRINT)
Place of publication, distribution, etc. Arnold, MD
Name of publisher, distributor, etc. Germany Philatelic Society
Date of publication, distribution, etc. 1975-2000
700 ## - SECONDARY AUTHOR, EDITOR OR ILLUSTRATOR
Personal Name Germany Philatelic Society
Holdings
Withdrawn status Lost status Source of classification or shelving scheme Damaged status Koha normalized classification for sorting Not for loan Permanent Location Current Location Date acquired Total Checkouts Full call number Barcode Date last seen Date last checked out Price effective from
        G6081 F721 B677   Northern Philatelic Library Northern Philatelic Library 03/21/2016 2 G6081 F721 B677 1002151 04/04/2026 02/07/2026 03/21/2016

Powered by Koha